[Event "Bayern-ch op Seniors 26th"]
[Site "Bergen"]
[Date "2014.06.28"]
[Round "8"]
[White "Alefs, Willi"]
[Black "Hermann, Josef"]
[Result "1/2-1/2"]
[WhiteElo "1533"]
[BlackElo "1687"]
[PlyCount "103"]
[EventDate "2014.06.21"]
[EventType "swiss"]
[EventRounds "7"]
[EventCountry "GER"]
[SourceTitle "EXT 2018"]
[Source "ChessBase"]
[SourceDate "2017.10.13"]
[SourceVersion "1"]
[SourceVersionDate "2017.10.13"]
[SourceQuality "1"]

1. c4 e6 2. Nc3 Nf6 3. d4 d5 4. e3 b6 5. Nf3 Bb7 6. cxd5 Nxd5 7. Be2 Be7 8. 0-0 0-0 9. Ne5 Nd7 10. Bd3 Bd6 11. f4 c5 12. Nb5 Bb8 13. Qh5 N5f6 14. Qe2 a6 15. Nc3 b5 16. b3 Ba7 17. dxc5 Bxc5 18. Bb2 Qb6 19. Nxd7 Nxd7 20. Nd1 Rfd8 21. Kh1 Nf8 22. f5 Qc6 23. Bc2 Rd7 24. Rf3 Rad8 25. Rg3 g6 26. fxg6 fxg6 27. Bc3 b4 28. Be1 Bd6 29. Rg4 Be5 30. Rc1 Qd6 31. h4 h5 32. Bxb4 Qb6 33. Rg5 Bf6 34. Bc5 Qb5 35. Qxb5 axb5 36. Rg3 Bxh4 37. Rh3 Rd2 38. Rxh4 Rxg2 39. Be4 Bxe4 40. Rxe4 Rxa2 41. Bxf8 Kxf8 42. Rxe6 Kf7 43. Re4 g5 44. Nc3 Rb2 45. Nxb5 Rdd2 46. Nd4 Rh2+ 47. Kg1 Rbg2+ 48. Kf1 Rf2+ 49. Ke1 Rb2 50. Rc7+ Kf8 51. Rc8+ Kf7 52. Rc7+ 1/2-1/2

[Event "Bayern-ch op Seniors 26th"]
[Site "Bergen"]
[Date "2014.06.25"]
[Round "5"]
[White "Hermann, Josef"]
[Black "Schuster, Herbert"]
[Result "1/2-1/2"]
[WhiteElo "1687"]
[BlackElo "1615"]
[PlyCount "120"]
[EventDate "2014.06.21"]
[EventType "swiss"]
[EventRounds "7"]
[EventCountry "GER"]
[SourceTitle "EXT 2018"]
[Source "ChessBase"]
[SourceDate "2017.10.13"]
[SourceVersion "1"]
[SourceVersionDate "2017.10.13"]
[SourceQuality "1"]

1. c4 e6 2. Nc3 Nf6 3. d4 d5 4. Nf3 h6 5. Bf4 Bd6 6. Bxd6 Qxd6 7. e3 0-0 8. Qb3 Qb6 9. Qc2 Nbd7 10. cxd5 Nxd5 11. Be2 Qa5 12. 0-0 Nxc3 13. Qxc3 Qxc3 14. bxc3 b6 15. Bb5 Nf6 16. Bc6 Rb8 17. a4 Bd7 18. Ne5 Rfd8 19. Rfd1 Be8 20. Bxe8 Rxe8 21. Nc6 Ra8 22. f3 Nd5 23. a5 Nxe3 24. Rd3 Nc4 25. Ra4 Nd6 26. c4 f6 27. Rda3 b5 28. cxb5 Nxb5 29. Rd3 a6 30. Rc4 Na7 31. Nb4 Nb5 32. Rc6 Re7 33. d5 exd5 34. Rxd5 Rae8 35. Nxa6 Na7 36. Rxc7 Rxc7 37. Nxc7 Re5 38. Rxe5 fxe5 39. Kf2 Kf7 40. Ke2 Ke7 41. Ke3 Kd7 42. Nd5 Kd6 43. Nc3 Kc5 44. Ke4 Nc6 45. Nd5 Nxa5 46. Kxe5 Nc6+ 47. Ke4 Kd6 48. Nf4 Ke7 49. Kf5 Kf7 50. Nd3 Ne7+ 51. Ke4 Kf6 52. h4 Nf5 53. g4 Nxh4 54. Kf4 Ng6+ 55. Kg3 Ne5 56. Nc5 Nc6 57. Ne4+ Ke5 58. g5 h5 59. Kh4 g6 60. Ng3 Kf4 1/2-1/2

[Event "Bayern-ch op Seniors 26th"]
[Site "Bergen"]
[Date "2014.06.24"]
[Round "4"]
[White "Ewald, Frithjof"]
[Black "Hermann, Josef"]
[Result "0-1"]
[WhiteElo "1355"]
[BlackElo "1687"]
[PlyCount "120"]
[EventDate "2014.06.21"]
[EventType "swiss"]
[EventRounds "7"]
[EventCountry "GER"]
[SourceTitle "EXT 2018"]
[Source "ChessBase"]
[SourceDate "2017.10.13"]
[SourceVersion "1"]
[SourceVersionDate "2017.10.13"]
[SourceQuality "1"]

1. d4 Nf6 2. c4 d5 3. e3 e6 4. a3 a5 5. Nc3 b6 6. Nf3 Ba6 7. Ne5 Bd6 8. b3 Nfd7 9. Nf3 c6 10. Be2 0-0 11. 0-0 Nf6 12. Qc2 Nbd7 13. Re1 Qc7 14. h3 Rfe8 15. Bd3 e5 16. dxe5 Nxe5 17. Nxe5 Bxe5 18. Bb2 dxc4 19. bxc4 Qe7 20. Ne2 Rad8 21. Rad1 h6 22. Nd4 Bb7 23. Nf5 Qe6 24. e4 c5 25. Bxe5 Qxe5 26. Ng3 Rd4 27. Nf5 Rd7 28. Re3 Red8 29. Rde1 Kh7 30. Qe2 g6 31. Nh4 Ba6 32. Nf3 Qc3 33. Bc2 Qxc4 34. Qxc4 Bxc4 35. Ne5 Rd2 36. Nxc4 Rxc2 37. Nxb6 Rdd2 38. Rf3 Kg7 39. e5 Ne8 40. e6 f5 41. Nd7 c4 42. Re5 Re2 43. Rxe2 Rxe2 44. Re3 Rxe3 45. fxe3 c3 46. Nc5 c2 47. Nd3 Kf6 48. e7 Kxe7 49. Kf1 Kd6 50. Ke2 Nc7 51. Kd2 Nd5 52. Nf4 c1Q+ 53. Kxc1 Nxe3 54. Nxg6 Nxg2 55. Kd2 Kd5 56. Kc3 f4 57. Kd3 f3 58. h4 h5 59. a4 Kc5 60. Ne5 Nxh4 0-1

[Event "Bayern-ch op Seniors 26th"]
[Site "Bergen"]
[Date "2014.06.22"]
[Round "3"]
[White "Hermann, Josef"]
[Black "Rosmann, Armin"]
[Result "1/2-1/2"]
[WhiteElo "1687"]
[BlackElo "1505"]
[PlyCount "56"]
[EventDate "2014.06.21"]
[EventType "swiss"]
[EventRounds "7"]
[EventCountry "GER"]
[SourceTitle "EXT 2018"]
[Source "ChessBase"]
[SourceDate "2017.10.13"]
[SourceVersion "1"]
[SourceVersionDate "2017.10.13"]
[SourceQuality "1"]

1. c4 Nf6 2. d4 e6 3. a3 Be7 4. Nc3 d5 5. Bf4 c6 6. e3 0-0 7. Nf3 Nh5 8. Bg3 f5 9. Ne5 Nf6 10. Qc2 Nbd7 11. f3 Nh5 12. Bf2 Qc7 13. f4 Ndf6 14. Be2 g6 15. h3 Ng7 16. 0-0-0 a6 17. g4 b5 18. cxb5 cxb5 19. g5 Ne4 20. Nxe4 Qxc2+ 21. Kxc2 fxe4 22. Kb1 b4 23. a4 a5 24. b3 Ba6 25. Bxa6 Rxa6 26. Rc1 Raa8 27. Rc6 Bxg5 28. Rhc1 Be7 1/2-1/2

[Event "Bayern-ch Seniors 25th"]
[Site "Bergen"]
[Date "2013.06.17"]
[Round "3.40"]
[White "Hermann, Josef"]
[Black "Braeu, Emmi"]
[Result "1-0"]
[WhiteElo "1619"]
[BlackElo "1456"]
[PlyCount "47"]
[EventDate "2013.06.15"]
[EventType "swiss"]
[EventRounds "9"]
[EventCountry "GER"]
[SourceTitle "EXT 2022"]
[Source "ChessBase"]
[SourceDate "2021.10.06"]
[SourceVersion "1"]
[SourceVersionDate "2021.10.06"]
[SourceQuality "1"]

1. c4 c5 2. Nf3 Nf6 3. g3 g6 4. d4 Bg7 5. Nc3 cxd4 6. Nxd4 d5 7. Bg2 dxc4 8. Qa4+ Qd7 9. Qxc4 0-0 10. 0-0 Rd8 11. Ndb5 Nc6 12. Be3 a6 13. Bxc6 bxc6 14. Na3 Bb7 15. f3 Qh3 16. Bc5 Nd5 17. Rab1 Bc8 18. Bf2 Bb7 19. Ne4 Bh6 20. Nc2 Qc8 21. Nc5 Nb6 22. Qb3 Qc7 23. Nxb7 Rd2 24. Nc5 1-0

[Event "Bayern-ch Seniors 25th"]
[Site "Bergen"]
[Date "2013.06.16"]
[Round "2.21"]
[White "Etzold, Ernst Walter"]
[Black "Hermann, Josef"]
[Result "1-0"]
[WhiteElo "1962"]
[BlackElo "1619"]
[PlyCount "39"]
[EventDate "2013.06.15"]
[EventType "swiss"]
[EventRounds "9"]
[EventCountry "GER"]
[SourceTitle "EXT 2022"]
[Source "ChessBase"]
[SourceDate "2021.10.06"]
[SourceVersion "1"]
[SourceVersionDate "2021.10.06"]
[SourceQuality "1"]

1. d4 e6 2. c4 d5 3. Nc3 c5 4. cxd5 exd5 5. Nf3 Nc6 6. g3 h6 7. Bg2 Nf6 8. 0-0 Be6 9. Bf4 b6 10. Rc1 Bd6 11. Bxd6 Qxd6 12. dxc5 Qxc5 13. e4 d4 14. e5 Nxe5 15. Nxe5 Qxe5 16. Bxa8 dxc3 17. Bc6+ Ke7 18. Rxc3 Rc8 19. Bg2 Kf8 20. Re1 1-0

[Event "Bayern-ch Seniors 24nd"]
[Site "Bergen"]
[Date "2012.06.24"]
[Round "9"]
[White "Kreie, Guenther"]
[Black "Hermann, Josef"]
[Result "0-1"]
[WhiteElo "1764"]
[BlackElo "1666"]
[PlyCount "82"]
[EventDate "2012.06.16"]
[EventType "swiss"]
[EventRounds "9"]
[EventCountry "GER"]
[SourceTitle "EXT 2015"]
[Source "ChessBase"]
[SourceDate "2014.11.20"]
[SourceVersion "1"]
[SourceVersionDate "2014.11.20"]
[SourceQuality "1"]

1. e4 e6 2. d4 d5 3. Nd2 dxe4 4. Nxe4 Nf6 5. Bd3 Bd7 6. Nf3 Be7 7. 0-0 Bc6 8. Qe2 0-0 9. c4 Nxe4 10. Bxe4 Bxe4 11. Qxe4 c6 12. Rd1 Nd7 13. Bf4 Nf6 14. Qe2 Bd6 15. Be5 Be7 16. h3 b6 17. Rac1 Qc8 18. d5 c5 19. d6 Bd8 20. Rd3 Qc6 21. Re1 Nd7 22. Bc3 Bf6 23. Bxf6 Nxf6 24. Ne5 Qb7 25. d7 Rfd8 26. f3 a6 27. g4 h6 28. Red1 b5 29. b3 Ra7 30. Rd6 bxc4 31. bxc4 Qc7 32. Qd2 Nd5 33. Rxd5 exd5 34. Qxd5 Kh7 35. f4 f6 36. Qe4+ Kg8 37. Qd5+ Kh7 38. Qe4+ Kg8 39. Nc6 Rxd7 40. Nxa7 Rxd1+ 41. Kg2 Qxa7 0-1

[Event "Bayern-ch Seniors 24nd"]
[Site "Bergen"]
[Date "2012.06.21"]
[Round "6"]
[White "Eichinger, Guenther"]
[Black "Hermann, Josef"]
[Result "1-0"]
[WhiteElo "1853"]
[BlackElo "1666"]
[PlyCount "115"]
[EventDate "2012.06.16"]
[EventType "swiss"]
[EventRounds "9"]
[EventCountry "GER"]
[SourceTitle "EXT 2015"]
[Source "ChessBase"]
[SourceDate "2014.11.20"]
[SourceVersion "1"]
[SourceVersionDate "2014.11.20"]
[SourceQuality "1"]

1. e4 e6 2. Nc3 d5 3. d4 dxe4 4. Nxe4 Nf6 5. Nxf6+ Qxf6 6. Nf3 h6 7. Be3 Bd6 8. c4 0-0 9. Qd2 b6 10. c5 Be7 11. Rc1 Bb7 12. Be2 Rd8 13. Qc2 Bd5 14. 0-0 Nd7 15. c6 Nf8 16. Ne5 Bd6 17. f4 Qe7 18. Bh5 g6 19. Bf3 Bxf3 20. Rxf3 f5 21. g4 Qg7 22. gxf5 exf5 23. Rh3 Be7 24. Qc4+ Kh7 25. Nf7 Re8 26. Rxh6+ Qxh6 27. Nxh6 Kxh6 28. Qf7 Bd6 29. Rc3 Re7 30. Qg8 Rg7 31. Qh8+ Rh7 32. Qf6 Be7 33. Qe5 Bd6 34. Qb5 Re7 35. Bd2 Re4 36. Rh3+ Kg7 37. d5 Rae8 38. Rf3 Nh7 39. Qd3 Nf6 40. Kf1 Nh5 41. Bc3+ Kf7 42. Be5 Nxf4 43. Rxf4 R4xe5 44. Rh4 Re1+ 45. Kg2 R8e2+ 46. Kf3 Bc5 47. Qxe2 Rxe2 48. Kxe2 Kg7 49. b4 Bd6 50. b5 g5 51. Rh5 Kg6 52. Rh8 Kf6 53. Kd3 g4 54. Rh6+ Ke5 55. Kc4 f4 56. Re6+ Kf5 57. Rxd6 f3 58. Rd8 1-0

[Event "Bayern-ch Seniors 24nd"]
[Site "Bergen"]
[Date "2012.06.20"]
[Round "5"]
[White "Hermann, Josef"]
[Black "Stadler, Lothar"]
[Result "1-0"]
[WhiteElo "1666"]
[BlackElo "1757"]
[PlyCount "147"]
[EventDate "2012.06.16"]
[EventType "swiss"]
[EventRounds "9"]
[EventCountry "GER"]
[SourceTitle "EXT 2015"]
[Source "ChessBase"]
[SourceDate "2014.11.20"]
[SourceVersion "1"]
[SourceVersionDate "2014.11.20"]
[SourceQuality "1"]

1. c4 Nf6 2. Nf3 c5 3. Nc3 Nc6 4. d4 cxd4 5. Nxd4 e6 6. a3 a6 7. e4 Bc5 8. Nxc6 bxc6 9. b4 Ba7 10. c5 0-0 11. Bd3 Bb8 12. f4 Qc7 13. e5 Ne8 14. 0-0 a5 15. Bd2 f6 16. Re1 Ba6 17. Bxa6 Rxa6 18. Qe2 Ra8 19. Nd1 fxe5 20. fxe5 Rf5 21. Bc3 axb4 22. axb4 Rxa1 23. Bxa1 Nf6 24. g4 Rf4 25. exf6 gxf6 26. Bc3 h5 27. h3 hxg4 28. hxg4 Qd8 29. Rf1 Qc7 30. Rxf4 Qxf4 31. Bd2 Qg3+ 32. Qg2 Qb3 33. Nf2 Be5 34. Qe4 Kg7 35. Qd3 Qxd3 36. Nxd3 Bd4+ 37. Kg2 Kf7 38. Kf3 Ke7 39. Ke4 Bg1 40. Be3 Bh2 41. Kf3 Bc7 42. Bf4 Bxf4 43. Kxf4 d6 44. Nf2 d5 45. Nd3 Kf7 46. Nc1 Ke7 47. Nb3 Kd7 48. Ke3 e5 49. Nc1 Ke6 50. Ne2 Kd7 51. Ng3 Ke6 52. Nf5 Kd7 53. Ng3 Ke6 54. Nh5 Ke7 55. Ng7 Kd7 56. Kf3 Ke7 57. Nf5+ Kd7 58. Nd6 Ke7 59. Ke3 Ke6 60. Nb7 Kd7 61. Na5 Kc7 62. Kf3 Kd7 63. Kg3 Kc7 64. g5 fxg5 65. Kg4 e4 66. Nb3 Kb7 67. Nd4 Kc7 68. Kxg5 Kb7 69. Kf5 Kc7 70. Ke5 Kd7 71. Ne2 Ke7 72. Nf4 Kd7 73. Kf6 Kc7 74. Ke6 1-0

[Event "Bayern-ch Seniors 24nd"]
[Site "Bergen"]
[Date "2012.06.17"]
[Round "2"]
[White "Roeckl, Adelbert"]
[Black "Hermann, Josef"]
[Result "1/2-1/2"]
[WhiteElo "1511"]
[BlackElo "1666"]
[PlyCount "98"]
[EventDate "2012.06.16"]
[EventType "swiss"]
[EventRounds "9"]
[EventCountry "GER"]
[SourceTitle "EXT 2015"]
[Source "ChessBase"]
[SourceDate "2014.11.20"]
[SourceVersion "1"]
[SourceVersionDate "2014.11.20"]
[SourceQuality "1"]

1. d4 e6 2. e3 c5 3. Nf3 d5 4. Nbd2 Nf6 5. b3 Be7 6. Bd3 Nc6 7. 0-0 Nb4 8. Be2 Qc7 9. a3 Nc6 10. Bb2 cxd4 11. exd4 a6 12. Ne5 Bd6 13. f4 Ne4 14. Bd3 f5 15. Bxe4 dxe4 16. Ndc4 Be7 17. Qh5+ g6 18. Nxg6 hxg6 19. Qxh8+ Kd7 20. Rad1 Qd8 21. Qg7 Kc7 22. Ne5 Nxe5 23. dxe5 Qe8 24. Rd6 Kb8 25. Rd2 Bf8 26. Qh7 a5 27. Rfd1 Be7 28. Bd4 Ra6 29. a4 Rc6 30. Qh3 g5 31. Qe3 Qg8 32. Qg3 b6 33. c4 Qg6 34. Be3 g4 35. h3 Qh5 36. hxg4 fxg4 37. Qh2 Qg6 38. g3 Kb7 39. Rd7+ Bxd7 40. Rxd7+ Rc7 41. Rxc7+ Kxc7 42. Qf2 Kb7 43. Bxb6 Bb4 44. Be3 Qh7 45. Qc2 Kc6 46. Qh2 Qd7 47. Qe2 Qd3 48. Qxd3 exd3 49. Kf1 Kd7 1/2-1/2

[Event "Chiemgau Seniors Cup 3th"]
[Site "Bergen"]
[Date "2007.10.29"]
[Round "8"]
[White "Siegl, Wolfgang"]
[Black "Hermann, Josef"]
[Result "0-1"]
[WhiteElo "1587"]
[BlackElo "1647"]
[PlyCount "62"]
[EventDate "2007.10.22"]
[EventType "swiss"]
[EventRounds "9"]
[EventCountry "GER"]
[SourceTitle "EXT 2008"]
[Source "ChessBase"]
[SourceDate "2007.11.25"]
[SourceVersion "1"]
[SourceVersionDate "2007.11.25"]
[SourceQuality "1"]

1. d4 e6 2. c4 d5 3. Nf3 c5 4. cxd5 cxd4 5. dxe6 Bxe6 6. Qxd4 Nc6 7. Qxd8+ Rxd8 8. Bg5 f6 9. Bd2 Bc5 10. e3 a6 11. Nc3 Nb4 12. Kd1 Nh6 13. h3 0-0 14. a3 Nd3 15. Bxd3 Rxd3 16. Kc2 Rfd8 17. g4 f5 18. g5 Nf7 19. Rad1 R3d6 20. Bc1 b5 21. Rxd6 Bxd6 22. h4 Rc8 23. Kb1 Bc4 24. Rd1 b4 25. axb4 Bxb4 26. Nd5 Rd8 27. Rd4 Bxd5 28. Rxb4 Bxf3 29. Rf4 Be4+ 30. Ka1 Rd1 31. Rxe4 Rxc1+ 0-1

[Event "Chiemgau Seniors Cup 3th"]
[Site "Bergen"]
[Date "2007.10.26"]
[Round "5"]
[White "Hermann, Josef"]
[Black "Fels, Karl Heinz"]
[Result "0-1"]
[WhiteElo "1647"]
[BlackElo "1726"]
[PlyCount "74"]
[EventDate "2007.10.22"]
[EventType "swiss"]
[EventRounds "9"]
[EventCountry "GER"]
[SourceTitle "EXT 2008"]
[Source "ChessBase"]
[SourceDate "2007.11.25"]
[SourceVersion "1"]
[SourceVersionDate "2007.11.25"]
[SourceQuality "1"]

1. c4 Nf6 2. Nf3 e6 3. Nc3 Bb4 4. b3 0-0 5. Bb2 c5 6. e3 d5 7. d4 cxd4 8. Nxd4 Qa5 9. Qc2 Ne4 10. Rc1 f5 11. f3 Nxc3 12. Bxc3 e5 13. Nb5 a6 14. Bxb4 Qxb4+ 15. Qc3 Qe7 16. cxd5 axb5 17. Bxb5 Rxa2 18. Bc4 Kh8 19. Be2 h6 20. Qc4 Na6 21. 0-0 Bd7 22. Rcd1 Qc5 23. Qxc5 Nxc5 24. Bc4 Rb2 25. Rb1 Rxb1 26. Rxb1 b5 27. Be2 Ra8 28. Bd1 Nd3 29. Be2 Nb4 30. Rc1 Nxd5 31. e4 fxe4 32. fxe4 Nf4 33. Bf1 Ne6 34. Bd3 Ra3 35. Bc2 Nd4 36. Rd1 Bg4 37. Rc1 Ne2+ 0-1

[Event "Chiemgau Seniors Cup 3th"]
[Site "Bergen"]
[Date "2007.10.25"]
[Round "4"]
[White "Antusch, Ingrid"]
[Black "Hermann, Josef"]
[Result "0-1"]
[WhiteElo "1432"]
[BlackElo "1647"]
[PlyCount "86"]
[EventDate "2007.10.22"]
[EventType "swiss"]
[EventRounds "9"]
[EventCountry "GER"]
[SourceTitle "EXT 2008"]
[Source "ChessBase"]
[SourceDate "2007.11.25"]
[SourceVersion "1"]
[SourceVersionDate "2007.11.25"]
[SourceQuality "1"]

1. f4 f5 2. Nf3 Nc6 3. e3 d6 4. c3 e5 5. fxe5 dxe5 6. d3 Nf6 7. Be2 Bd6 8. 0-0 0-0 9. Nbd2 Ne7 10. e4 fxe4 11. dxe4 h6 12. Qe1 Ng6 13. Nc4 Be6 14. Qg3 Bxc4 15. Bxc4+ Kh7 16. Bd3 Bc5+ 17. Kh1 Nh5 18. Qh3 Nhf4 19. Bxf4 Nxf4 20. Qg3 Qxd3 21. Rad1 Qxe4 22. Rfe1 Qg6 23. Rxe5 Bd6 24. Qxg6+ Nxg6 25. Re2 Rae8 26. Rxe8 Rxe8 27. Re1 Rxe1+ 28. Nxe1 Bf4 29. g3 Bd6 30. Kg2 Ne5 31. b3 Kg6 32. h4 Kf5 33. a4 Ke4 34. h5 Ke3 35. Nc2+ Kd3 36. Nd4 Kxc3 37. Nf5 Bf8 38. a5 Kxb3 39. Nd4+ Ka4 40. Ne6 Nd7 41. a6 bxa6 42. Nxc7 a5 43. Kf3 Kb3 0-1

[Event "Chiemgau Seniors Cup 3th"]
[Site "Bergen"]
[Date "2007.10.22"]
[Round "1"]
[White "Weigel, Herbert"]
[Black "Hermann, Josef"]
[Result "1-0"]
[WhiteElo "1967"]
[BlackElo "1647"]
[PlyCount "121"]
[EventDate "2007.10.22"]
[EventType "swiss"]
[EventRounds "9"]
[EventCountry "GER"]
[SourceTitle "EXT 2008"]
[Source "ChessBase"]
[SourceDate "2007.11.25"]
[SourceVersion "1"]
[SourceVersionDate "2007.11.25"]
[SourceQuality "1"]

1. e4 d6 2. d4 f5 3. exf5 Bxf5 4. Qf3 Qc8 5. c3 Nf6 6. Bg5 Nc6 7. Nd2 h6 8. Bxf6 exf6 9. Bb5 Qe6+ 10. Ne2 d5 11. 0-0 Bg4 12. Nf4 Qd7 13. Rfe1+ Kf7 14. Qd3 Bf5 15. Qf1 Bd6 16. Nxd5 a6 17. Bc4 Kf8 18. Ne3 Bg6 19. f4 Ne7 20. Qf3 c5 21. dxc5 Bxc5 22. Nb3 Bb6 23. Rad1 Qc7 24. Nd4 Bf7 25. Bxf7 Kxf7 26. Qe4 Rhe8 27. Kh1 Rad8 28. Nec2 Ng6 29. Qf3 Nxf4 30. Rxe8 Rxe8 31. Nf5 Rd8 32. Rf1 Rd2 33. Ncd4 Bxd4 34. Nxd4 Rxb2 35. g3 Ng6 36. Qd5+ Ke8 37. Re1+ Ne7 38. Nf5 Qc6 39. Rxe7+ Kf8 40. Rf7+ Kg8 41. Rxg7+ Kh8 42. Qxc6 bxc6 43. Rg6 Rxa2 44. Rxh6+ Kg8 45. Rxf6 a5 46. Rxc6 a4 47. Ra6 a3 48. Ne3 Re2 49. Rxa3 Rxe3 50. Kg2 Kf7 51. h4 Kg6 52. Kh3 Kf5 53. Ra5+ Kg6 54. h5+ Kh6 55. Rc5 Re4 56. g4 Re3+ 57. Kh4 Re1 58. Rc6+ Kg7 59. h6+ Kh7 60. Kh5 Rh1+ 61. Kg5 1-0

[Event "Chiemgau Seniors Cup 1st"]
[Site "Bergen"]
[Date "2005.10.19"]
[Round "9"]
[White "Kunert, Helmut"]
[Black "Hermann, Josef"]
[Result "1-0"]
[WhiteElo "1418"]
[BlackElo "1659"]
[PlyCount "65"]
[EventDate "2005.10.11"]
[EventType "swiss"]
[EventRounds "9"]
[EventCountry "GER"]
[SourceTitle "EXT 2007"]
[Source "ChessBase"]
[SourceDate "2006.11.23"]
[SourceVersion "1"]
[SourceVersionDate "2006.11.23"]
[SourceQuality "1"]

1. e4 e6 2. f4 Nc6 3. Nf3 d5 4. e5 d4 5. Bb5 Bd7 6. c3 Bc5 7. b4 Bb6 8. Bb2 dxc3 9. Nxc3 Nxb4 10. d4 Bxb5 11. Nxb5 Qd7 12. Qe2 Nc2+ 13. Qxc2 Qxb5 14. a4 Ba5+ 15. Kf2 Qd7 16. Rhd1 c6 17. Ba3 Ne7 18. Ng5 h6 19. Ne4 0-0 20. Rab1 b6 21. Bxe7 Qxe7 22. Qxc6 Rac8 23. Qb5 Qh4+ 24. Kf3 Qh5+ 25. Ke3 Rc2 26. Rg1 Rfc8 27. Rb3 R8c4 28. Qe8+ Kh7 29. g4 Qxh2 30. Nf6+ Kg6 31. f5+ exf5 32. gxf5+ Kxf5 33. Qd7# 1-0

[Event "Chiemgau Seniors Cup 1st"]
[Site "Bergen"]
[Date "2005.10.14"]
[Round "4"]
[White "Hermann, Josef"]
[Black "Winter, Bernd"]
[Result "1/2-1/2"]
[WhiteElo "1659"]
[BlackElo "1919"]
[PlyCount "71"]
[EventDate "2005.10.11"]
[EventType "swiss"]
[EventRounds "9"]
[EventCountry "GER"]
[SourceTitle "EXT 2007"]
[Source "ChessBase"]
[SourceDate "2006.11.23"]
[SourceVersion "1"]
[SourceVersionDate "2006.11.23"]
[SourceQuality "1"]

1. c4 Nf6 2. d4 g6 3. Nc3 Bg7 4. Nf3 0-0 5. g3 d6 6. Bg2 c6 7. 0-0 Qa5 8. a3 Qh5 9. Qd2 h6 10. b4 e5 11. d5 cxd5 12. cxd5 e4 13. Nd4 Bh3 14. f3 Bxg2 15. Kxg2 exf3+ 16. Nxf3 Re8 17. Bb2 Ng4 18. e4 f5 19. Rae1 Nd7 20. h3 fxe4 21. Nxe4 Nge5 22. g4 Nxf3 23. Rxf3 Qh4 24. Bxg7 Kxg7 25. Rfe3 Rf8 26. Nxd6 Nf6 27. Qc3 Kg8 28. Qe5 Rad8 29. Qe6+ Kh7 30. Qe7+ Kg8 31. Rf1 Qg5 32. Qe6+ Kg7 33. Ref3 Qxd5 34. Qxd5 Nxd5 35. Rxf8 Ne3+ 36. Kg1 1/2-1/2